| 000 | 00730nam a2200217Ia 4500 | ||
|---|---|---|---|
| 001 | 13236 | ||
| 003 | GE_BSU | ||
| 008 | 181216s||||||||xx |||||||||||||| ||und|| | ||
| 040 | _cGE_BSU | ||
| 080 | _a632 | ||
| 100 | _aБелосельская,З.Г. | ||
| 245 | _aВредители и болезни цветочных и оранжерейных растении | ||
| 245 | _cРед.Л.С.Зимин,Осмоловский Г.Е | ||
| 260 | _aМосква | ||
| 260 | _bСельхозгиз | ||
| 260 | _c1953 | ||
| 300 | _a207стр.20см.илл. | ||
| 300 | _cБиблиогр.с.201-202 | ||
| 653 | _aВредители и болезни цветочных и оранжерейных растении | ||
| 942 | _cBK | ||
| 999 |
_c46400 _d46400 |
||